[Event "Lichtenrader Herbst 2016"]
[Site "Berlin-Lichtenrade"]
[Date "2016.10.22"]
[Round "1.29"]
[White "Hamel, Jochen"]
[Black "Boettcher, Patrick"]
[Result "0-1"]
[WhiteElo "1738"]
[BlackElo "2150"]
[PlyCount "36"]
[EventDate "2016.??.??"]
[WhiteTeam "SC Schwarz-Weiß Lichtenrade e.V."]
[BlackTeam "SC Zitadelle Spandau 1977 e.V."]

1. Nf3 Nf6 2. d4 g6 3. c4 Bg7 4. Nc3 O-O 5. e4 d6 6. h3 e5 7. d5 a5 8. Bg5 Na6
9. Be2 h6 10. Be3 Nd7 11. Qd2 Kh7 12. g4 f5 13. gxf5 gxf5 14. exf5 Ndc5 15.
O-O-O Bxf5 16. Rdg1 Qf6 17. Rg3 Nb4 18. Ne1 Nxa2+ 0-1

[Event "Lichtenrader Herbst 2016"]
[Site "Berlin-Lichtenrade"]
[Date "2016.10.22"]
[Round "1.30"]
[White "Welz, Peter"]
[Black "Kazmierczak, Ewa"]
[Result "1-0"]
[WhiteElo "2085"]
[BlackElo "1572"]
[PlyCount "71"]
[EventDate "2016.??.??"]
[WhiteTeam "SV Empor Berlin e.V."]
[BlackTeam "Hetman Warszawa"]

1. e4 e6 2. d4 d5 3. e5 c5 4. c3 Nc6 5. Nf3 Qb6 6. a3 c4 7. Nbd2 Be7 8. g3 f6
9. Bg2 fxe5 10. dxe5 Nh6 11. O-O O-O 12. Rb1 Qc7 13. Qe2 Bd7 14. b3 cxb3 15.
Nxb3 Nf7 16. Re1 Rab8 17. Nbd4 Na5 18. Bh3 Nd8 19. Ng5 Bxg5 20. Bxg5 Re8 21.
Qg4 Nf7 22. Bf6 g6 23. Bg2 Nc4 24. h4 Ncxe5 25. Qf4 Qxc3 26. Bxe5 Nxe5 27. Qxe5
Qxa3 28. Rbc1 Rbc8 29. Rxc8 Bxc8 30. Bxd5 Qc3 31. h5 Bd7 32. h6 Re7 33. Nf5
Qxe5 34. Nxe7+ Kf7 35. Rxe5 exd5 36. Nxd5 1-0

[Event "Lichtenrader Herbst 2016"]
[Site "Berlin-Lichtenrade"]
[Date "2016.10.23"]
[Round "2.1"]
[White "Zschaebitz, Klaus"]
[Black "Gabuzyan, Hovhannes"]
[Result "0-1"]
[WhiteElo "2063"]
[BlackElo "2592"]
[PlyCount "102"]
[EventDate "2016.??.??"]
[WhiteTeam "BSG 1827 Eckbauer e.V."]

1. c4 Nf6 2. g3 e5 3. Bg2 c6 4. d4 d6 5. Nc3 Nbd7 6. Nf3 Be7 7. O-O O-O 8. Qc2
Qe8 9. b3 a6 10. Bb2 Rb8 11. c5 exd4 12. cxd6 Bxd6 13. Nxd4 Nc5 14. Rad1 Be7
15. Nf5 Bxf5 16. Qxf5 Rd8 17. Ne4 Nfxe4 18. Bxe4 Nxe4 19. Qxe4 f6 20. Rxd8 Bxd8
21. Qxe8 Rxe8 22. Rd1 Ba5 23. Kf1 Kf7 24. Rd3 g6 25. Rf3 Bd8 26. Ke1 h5 27. h3
Re4 28. Kd2 f5 29. Kd3 Bb6 30. Bc3 Ke6 31. Be1 g5 32. a3 g4 33. hxg4 hxg4 34.
Rf4 Rxf4 35. gxf4 Bc7 36. e3 Kd5 37. Bc3 c5 38. Bf6 b5 39. Bc3 Bd8 40. Bg7 Ba5
41. Bf6 c4+ 42. bxc4+ bxc4+ 43. Kc2 Ke4 44. Bh4 Kf3 45. Kd1 Bc3 46. Bg3 Bf6 47.
a4 Bd8 48. Kd2 Ba5+ 49. Kd1 Bb6 50. Bh4 Bxe3 51. fxe3 g3 0-1

[Event "Lichtenrader Herbst 2016"]
[Site "Berlin-Lichtenrade"]
[Date "2016.10.23"]
[Round "2.2"]
[White "Chatalbashev, Boris"]
[Black "Huels, Marco"]
[Result "1-0"]
[WhiteElo "2534"]
[BlackElo "1969"]
[PlyCount "37"]
[EventDate "2016.??.??"]
[WhiteTeam "SV Würselen"]
[BlackTeam "SV Mattnetz Berlin"]

1. c4 e5 2. g3 Nc6 3. Bg2 Nf6 4. Nf3 d5 5. cxd5 Nxd5 6. O-O Be7 7. d4 exd4 8.
Nxd4 Nxd4 9. Qxd4 Nf6 10. Qa4+ Bd7 11. Qb3 Rb8 12. Bf4 O-O 13. Rd1 Qc8 14. Qc2
Ne8 15. Nc3 Bd8 16. Rac1 a6 17. Nd5 Bc6 18. Be4 h6 19. Bf5 1-0

[Event "Lichtenrader Herbst 2016"]
[Site "Berlin-Lichtenrade"]
[Date "2016.10.23"]
[Round "2.3"]
[White "Bolk, Matthias"]
[Black "Stefansson, Hannes"]
[Result "0-1"]
[WhiteElo "2078"]
[BlackElo "2571"]
[PlyCount "38"]
[EventDate "2016.??.??"]
[WhiteTeam "SC Kreuzberg e.V."]
[BlackTeam "Reykjavik"]

1. e4 e6 2. d4 d5 3. Nc3 Nf6 4. e5 Nfd7 5. f4 c5 6. Nf3 Nc6 7. Be3 Be7 8. Qd2
O-O 9. O-O-O c4 10. g4 b5 11. Nxb5 Rb8 12. Nd6 Bxd6 13. exd6 Nf6 14. Ne5 Nb4
15. Kb1 Ne4 16. Qe1 c3 17. b3 Nxa2 18. Rd3 Nb4 19. Rxc3 Qa5 0-1

[Event "Lichtenrader Herbst 2016"]
[Site "Berlin-Lichtenrade"]
[Date "2016.10.23"]
[Round "2.6"]
[White "Kasparov, Sergey"]
[Black "Triebus, Bruno"]
[Result "1-0"]
[WhiteElo "2470"]
[BlackElo "1969"]
[PlyCount "139"]
[EventDate "2016.??.??"]
[BlackTeam "SC Schwarz-Weiß Lichtenrade e.V."]

1. e4 e6 2. d4 d5 3. Nd2 Nf6 4. e5 Nfd7 5. Bd3 c5 6. c3 Nc6 7. Ne2 cxd4 8. cxd4
f6 9. exf6 Nxf6 10. Nf3 Bd6 11. O-O O-O 12. Bf4 Bxf4 13. Nxf4 Ne4 14. Qc1 Ng5
15. Nxg5 Qxg5 16. Bxh7+ Kxh7 17. Nxe6 Qxc1 18. Nxf8+ Kg8 19. Raxc1 Kxf8 20.
Rfd1 Be6 21. f3 Ke7 22. h4 g6 23. Kf2 Kd6 24. g4 Re8 25. Rd2 Bd7 26. Rh1 Nd8
27. h5 Rh8 28. Kg3 g5 29. Re1 Ne6 30. Re5 Rh7 31. Kf2 Rg7 32. Re1 Rh7 33. Kg3
Nf4 34. Re3 Ne6 35. Ra3 a6 36. Rb3 Bb5 37. Rc3 Bc6 38. Rc1 Bd7 39. Re1 Nf4 40.
Re5 Ne6 41. Rf5 Bb5 42. b3 Bd7 43. Rh2 Rh6 44. Kf2 Bc6 45. Ke3 Be8 46. Rc2 Bd7
47. Rf7 Rh8 48. Rf6 Ke7 49. Rf5 Kd6 50. Rh2 Rh6 51. Rf7 Bc6 52. a4 Bd7 53. Rh1
Bc6 54. Rh2 Bd7 55. Rf5 Bc6 56. f4 gxf4+ 57. Rxf4 Nxf4 58. Kxf4 Rh7 59. Kg5
Rg7+ 60. Kf6 Rxg4 61. h6 Rf4+ 62. Kg5 Rf8 63. h7 Rh8 64. Kf6 a5 65. Rh6 Kc7 66.
Kg7 Rxh7+ 67. Rxh7 b5 68. axb5 Bxb5 69. Kf6+ Kc6 70. Ke5 1-0

[Event "Lichtenrader Herbst 2016"]
[Site "Berlin-Lichtenrade"]
[Date "2016.10.23"]
[Round "2.7"]
[White "Buttkus, Andre"]
[Black "Karpatchev, Aleksandr"]
[Result "0-1"]
[WhiteElo "2024"]
[BlackElo "2463"]
[PlyCount "68"]
[EventDate "2016.??.??"]
[WhiteTeam "SK Tempelhof 1931"]
[BlackTeam "SF Bad Mergentheim"]

1. d4 d5 2. c4 dxc4 3. Nf3 Nf6 4. e3 a6 5. Bxc4 e6 6. O-O b5 7. Bd3 Bb7 8. Qe2
Be7 9. a4 b4 10. Nbd2 O-O 11. b3 c5 12. dxc5 Nbd7 13. c6 Bxc6 14. Bxa6 Nd5 15.
Bb2 Nc3 16. Bxc3 bxc3 17. Nb1 Bxf3 18. gxf3 Bb4 19. Rc1 Qf6 20. Ra2 Ne5 21. Bb7
Ra5 22. f4 Ng6 23. Rac2 Rc5 24. a5 Bxa5 25. Qd3 Rd8 26. Qe4 Qh4 27. Qf3 Rh5 28.
Qg3 Qe7 29. Bf3 Rc5 30. Be2 Qf6 31. Bc4 Nh4 32. Nxc3 Rxc4 33. bxc4 Bxc3 34.
Rxc3 Qxc3 0-1

[Event "Lichtenrader Herbst 2016"]
[Site "Berlin-Lichtenrade"]
[Date "2016.10.23"]
[Round "2.8"]
[White "Inkiov, Ventzislav"]
[Black "Kutschke, Jens"]
[Result "1-0"]
[WhiteElo "2436"]
[BlackElo "2015"]
[PlyCount "55"]
[EventDate "2016.??.??"]
[BlackTeam "SF 1903 Berlin"]

1. d4 Nf6 2. c4 g6 3. Nc3 d5 4. Bf4 Bg7 5. e3 O-O 6. Qb3 dxc4 7. Bxc4 c5 8.
dxc5 Nc6 9. Nf3 Qa5 10. Ng5 e6 11. Bd6 Rd8 12. Rd1 h6 13. Nf3 Ne4 14. O-O Bxc3
15. bxc3 Nxc5 16. Qc2 b6 17. Bf4 Rxd1 18. Rxd1 Kg7 19. Nd4 Bb7 20. h4 Qa4 21.
Nxe6+ Kf6 22. Bb3 Nxb3 23. axb3 Qa5 24. Nc7 Rc8 25. Nd5+ Kg7 26. c4 f6 27. Qb2
Rf8 28. Nxf6 1-0

[Event "Lichtenrader Herbst 2016"]
[Site "Berlin-Lichtenrade"]
[Date "2016.10.23"]
[Round "2.9"]
[White "Hofene, Dieter"]
[Black "Meister, Jakob"]
[Result "1/2-1/2"]
[WhiteElo "2056"]
[BlackElo "2444"]
[PlyCount "63"]
[EventDate "2016.??.??"]
[WhiteTeam "SF Beelen 1984 e.V."]
[BlackTeam "SK Zehlendorf"]

1. d4 e6 2. e4 c5 3. d5 exd5 4. exd5 d6 5. g3 Nf6 6. Bg2 Bg4 7. Ne2 g6 8. O-O
Bg7 9. a4 O-O 10. Be3 Re8 11. Nd2 Na6 12. Nc4 Nc7 13. Re1 Qe7 14. h3 Bxe2 15.
Rxe2 Nd7 16. Qd2 Nb6 17. Qd3 Qd7 18. a5 Nxc4 19. Qxc4 b5 20. axb6 axb6 21. Rxa8
Rxa8 22. c3 b5 23. Qe4 b4 24. cxb4 Qb5 25. Rc2 Na6 26. bxc5 Nxc5 27. Bxc5 dxc5
28. d6 Rd8 29. Qe7 Qd7 30. Rxc5 Qxd6 31. Qxd6 Rxd6 32. b3 1/2-1/2

[Event "Lichtenrader Herbst 2016"]
[Site "Berlin-Lichtenrade"]
[Date "2016.10.23"]
[Round "2.10"]
[White "Ahmadinia, Ebrahim"]
[Black "Shapiro, Yosip"]
[Result "1-0"]
[WhiteElo "2370"]
[BlackElo "2080"]
[PlyCount "129"]
[EventDate "2016.??.??"]
[WhiteTeam "SF Berlin 1903 e.V."]
[BlackTeam "SV Berolina Mitte"]

1. e4 c6 2. d4 d5 3. Nd2 dxe4 4. Nxe4 Bf5 5. Ng3 Bg6 6. Nh3 Nf6 7. Nf4 e5 8.
dxe5 Qxd1+ 9. Kxd1 Ng4 10. Nxg6 hxg6 11. Ke2 Nxe5 12. f4 Ng4 13. h3 Nf6 14. Kf3
Bc5 15. Bd3 O-O 16. Bd2 Nbd7 17. Rad1 Bb6 18. c3 Nc5 19. Bc2 Rad8 20. Bc1 Rxd1
21. Rxd1 Rd8 22. Rxd8+ Bxd8 23. Be3 Bb6 24. b4 Ncd7 25. Bd2 Bc7 26. Ne2 Kf8 27.
g4 Ke7 28. a3 a5 29. g5 Ne8 30. c4 axb4 31. axb4 c5 32. Nc3 b6 33. Nd5+ Kd8 34.
b5 Nd6 35. Bd3 Nf8 36. Bc3 Ne6 37. Be5 Kd7 38. h4 Bd8 39. Kg4 Ne8 40. f5 gxf5+
41. Bxf5 g6 42. Bd3 N6g7 43. Kf3 Ke6 44. Bb8 Nd6 45. Bf1 Ngf5 46. h5 gxh5 47.
Kf4 h4 48. Bxd6 Ng3 49. Bxc5 bxc5 50. Bg2 Kd6 51. Kg4 Kd7 52. Nc3 Bc7 53. Bd5
Ke7 54. Na4 Bd6 55. Bg2 Ne2 56. Kxh4 Nf4 57. Be4 Kd8 58. Kg4 Ne6 59. Bd5 Ke7
60. Nb6 Bc7 61. Nc8+ Kd7 62. Na7 Nd8 63. Bc6+ Nxc6 64. Nxc6 Bh2 65. Kf5 1-0

[Event "Lichtenrader Herbst 2016"]
[Site "Berlin-Lichtenrade"]
[Date "2016.10.23"]
[Round "2.11"]
[White "Arndt, Uwe"]
[Black "Bruedigam, Martin"]
[Result "0-1"]
[WhiteElo "1995"]
[BlackElo "2408"]
[PlyCount "44"]
[EventDate "2016.??.??"]
[WhiteTeam "BSV 63 Chemie Weißensee"]
[BlackTeam "SK König Tegel"]

1. d4 Nf6 2. c4 e6 3. Nc3 Bb4 4. Bd2 O-O 5. Nf3 b6 6. g3 Ba6 7. b3 d5 8. cxd5
exd5 9. a3 Bxc3 10. Bxc3 Re8 11. Ra2 Ne4 12. Ba1 c5 13. e3 c4 14. bxc4 dxc4 15.
Bg2 Nd7 16. O-O c3 17. Ne5 Bxf1 18. Qxf1 Nd2 19. Qe2 Nxe5 20. Bxc3 Nef3+ 21.
Kh1 Ne4 22. Qxf3 Nxc3 0-1

[Event "Lichtenrader Herbst 2016"]
[Site "Berlin-Lichtenrade"]
[Date "2016.10.23"]
[Round "2.12"]
[White "Glantz, Robert"]
[Black "Pesola, Jyrki"]
[Result "1-0"]
[WhiteElo "2340"]
[BlackElo "1934"]
[PlyCount "97"]
[EventDate "2016.??.??"]
[WhiteTeam "SC Kreuzberg e.V."]

1. e4 c5 2. Nf3 g6 3. d4 cxd4 4. Nxd4 Bg7 5. c4 Nc6 6. Be3 Nf6 7. Nc3 Ng4 8.
Qxg4 Nxd4 9. Qd1 Ne6 10. Rc1 O-O 11. Bd3 b6 12. O-O Bb7 13. Bb1 d6 14. f4 Rc8
15. f5 Nc7 16. Bd4 e5 17. Be3 Ne8 18. Qa4 a6 19. Qb4 b5 20. cxb5 axb5 21. Qxb5
Bc6 22. Qe2 Nc7 23. Rcd1 d5 24. Bc5 Re8 25. fxg6 hxg6 26. Qf3 f5 27. exd5 e4
28. Qg3 Nxd5 29. Qxg6 Qf6 30. Qxf6 Bxf6 31. Nxd5 Bxd5 32. Rxf5 Rxc5 33. Rxf6 e3
34. Rg6+ Kf7 35. Rf1+ Ke7 36. Re1 Kd8 37. b4 Rc6 38. Rxc6 Bxc6 39. Bd3 Kc7 40.
h3 Kd6 41. b5 Bd5 42. a4 Kc5 43. a5 Kd4 44. Be2 Kc3 45. Rd1 Bb3 46. Rd3+ Kc2
47. Kf1 Bc4 48. Rd4 Bxe2+ 49. Kxe2 1-0

[Event "Lichtenrader Herbst 2016"]
[Site "Berlin-Lichtenrade"]
[Date "2016.10.23"]
[Round "2.13"]
[White "Hesse, Henrik"]
[Black "Ilic, Zoran S"]
[Result "0-1"]
[WhiteElo "1975"]
[BlackElo "2283"]
[PlyCount "108"]
[EventDate "2016.??.??"]
[WhiteTeam "SV Mattnetz Berlin e.V."]
[BlackTeam "ohne Verein"]

1. c4 c5 2. g3 Nc6 3. Bg2 g6 4. Nc3 Bg7 5. Nf3 d6 6. O-O e6 7. e3 Nge7 8. d4
O-O 9. b3 cxd4 10. Nxd4 Nxd4 11. exd4 Nf5 12. Ne2 Rb8 13. Qd3 Bd7 14. a4 Bc6
15. Ba3 Bxg2 16. Kxg2 Re8 17. Rad1 Qd7 18. Rfe1 d5 19. c5 b6 20. Rc1 bxc5 21.
Bxc5 Rb7 22. a5 Nd6 23. f3 Reb8 24. Rc3 Rb5 25. b4 Nc4 26. Rxc4 dxc4 27. Qxc4
Bf8 28. Nc3 Rxb4 29. Bxb4 Rxb4 30. Qa6 Qxd4 31. Ne4 Rb2+ 32. Re2 Rb1 33. Rf2
Ra1 34. Qb5 f5 35. Ng5 Qc5 36. Qb7 Qe7 37. Qxe7 Bxe7 38. Nxe6 Rxa5 39. Rc2 Kf7
40. Nd4 Rd5 41. Rc4 Kf6 42. Ra4 Bc5 43. Nb5 Rd2+ 44. Kh1 Rd7 45. Rc4 Bb6 46.
Nc3 Ke6 47. Rc6+ Ke5 48. f4+ Kd4 49. Na4 Rb7 50. Kg2 Kd5 51. Rc2 Bd4 52. Kf3
Rb3+ 53. Ke2 Ra3 54. Nb2 Ra2 0-1

[Event "Lichtenrader Herbst 2016"]
[Site "Berlin-Lichtenrade"]
[Date "2016.10.23"]
[Round "2.14"]
[White "Roesemann, Rainer"]
[Black "Krueger, Robin Kevin"]
[Result "1-0"]
[WhiteElo "2282"]
[BlackElo "1849"]
[PlyCount "83"]
[EventDate "2016.??.??"]
[WhiteTeam "SV Bannewitz"]
[BlackTeam "SC Schwarz-Weiß Lichtenrade e.V."]

1. c4 e6 2. g3 d5 3. Bg2 Nf6 4. Nf3 c5 5. O-O Nc6 6. cxd5 exd5 7. d4 Be7 8.
dxc5 Bxc5 9. Bg5 O-O 10. Nc3 d4 11. Bxf6 Qxf6 12. Ne4 Qe7 13. Nxc5 Qxc5 14. Rc1
Qb6 15. Qc2 Bg4 16. Ng5 g6 17. Qe4 h5 18. Rfe1 Rae8 19. Qc2 Nb4 20. Qd2 Re7 21.
Rc4 Nc6 22. h3 Bf5 23. Kh2 Rfe8 24. Bxc6 bxc6 25. Rxd4 f6 26. Nf3 Qa6 27. e3 g5
28. Rd6 Re6 29. Rxe6 Bxe6 30. Qc3 Kf7 31. a3 c5 32. e4 Rb8 33. Qxc5 Rxb2 34. e5
Qb7 35. exf6 Qxf3 36. Qe7+ Kg6 37. Qg7+ Kf5 38. Qh7+ Kxf6 39. Qh6+ Ke7 40.
Qxe6+ Kd8 41. Qd6+ Kc8 42. Re8+ 1-0

[Event "Lichtenrader Herbst 2016"]
[Site "Berlin-Lichtenrade"]
[Date "2016.10.23"]
[Round "2.15"]
[White "Ziese, Gerhard"]
[Black "Heinig, Wolfram"]
[Result "1/2-1/2"]
[WhiteElo "2013"]
[BlackElo "2277"]
[PlyCount "62"]
[EventDate "2016.??.??"]
[WhiteTeam "SG Turm Leipzig"]
[BlackTeam "SK Zehlendorf e.V."]

1. c4 c5 2. g3 g6 3. Bg2 Bg7 4. Nc3 Nc6 5. d3 d6 6. Nf3 a6 7. O-O Rb8 8. a4 e5
9. Ne1 Nge7 10. Nc2 O-O 11. Ne3 Nb4 12. Bd2 Be6 13. Qc1 Qd7 14. Re1 f5 15. Ned5
Nexd5 16. Nxd5 Nxd5 17. cxd5 Bf7 18. e4 Be8 19. b4 cxb4 20. Bxb4 Rf7 21. Qa3
Bf8 22. Rec1 Qd8 23. Rc2 Rc7 24. Rac1 Rbc8 25. Qa2 Rxc2 26. Rxc2 b5 27. a5 Rxc2
28. Qxc2 Bd7 29. Bf3 Qc8 30. Bd1 Qxc2 31. Bxc2 fxe4 1/2-1/2

[Event "Lichtenrader Herbst 2016"]
[Site "Berlin-Lichtenrade"]
[Date "2016.10.23"]
[Round "2.16"]
[White "Giemsa, Stephan"]
[Black "Hanewinkel, Winfried"]
[Result "1-0"]
[WhiteElo "2270"]
[BlackElo "1968"]
[PlyCount "33"]
[EventDate "2016.??.??"]
[WhiteTeam "SK König Tegel 1949 e.V."]
[BlackTeam "SF Beelen 1984 e.V."]

1. d4 d5 2. c4 c6 3. Nf3 Nf6 4. e3 e6 5. b3 Be7 6. Bd3 O-O 7. O-O Nbd7 8. Bb2
c5 9. Nc3 dxc4 10. bxc4 b6 11. d5 e5 12. Ng5 Bd6 13. f4 exf4 14. exf4 Re8 15.
Nce4 Nxe4 16. Nxe4 Nf8 17. Qh5 1-0

[Event "Lichtenrader Herbst 2016"]
[Site "Berlin-Lichtenrade"]
[Date "2016.10.23"]
[Round "2.17"]
[White "Sulayev, Daniel"]
[Black "Asenov, Pavel"]
[Result "0-1"]
[WhiteElo "1924"]
[BlackElo "2207"]
[PlyCount "70"]
[EventDate "2016.??.??"]
[WhiteTeam "SV Empor Berlin e.V."]
[BlackTeam "Witny"]

1. c4 e5 2. Nc3 Nf6 3. g3 Nc6 4. Bg2 Bb4 5. d3 O-O 6. e4 a5 7. Nge2 d6 8. O-O
Bc5 9. Nd5 h6 10. Be3 Bxe3 11. Nxe3 Nd4 12. Nc3 c6 13. f4 Qb6 14. Qd2 Ng4 15.
Ncd1 f5 16. Kh1 fxe4 17. dxe4 Qb4 18. Qxb4 axb4 19. f5 Nf6 20. Nf2 c5 21. b3
Bd7 22. Rfc1 Ra5 23. Nc2 Rfa8 24. Nxd4 exd4 25. Rc2 Bc6 26. Kg1 Ra3 27. Rb2 Nd7
28. Nd3 b5 29. cxb5 Bxb5 30. Nc1 Re8 31. Rf2 Nf6 32. Rf4 d3 33. Kf2 d2 34. Ne2
Rxa2 35. Rd1 Nd5 0-1

[Event "Lichtenrader Herbst 2016"]
[Site "Berlin-Lichtenrade"]
[Date "2016.10.23"]
[Round "2.18"]
[White "Richter, Goetz"]
[Black "Gruzmann, Boris"]
[Result "0-1"]
[WhiteElo "1999"]
[BlackElo "2253"]
[PlyCount "62"]
[EventDate "2016.??.??"]
[WhiteTeam "Klub Kölner SF"]
[BlackTeam "Lübecker SV"]

1. d4 Nf6 2. c4 g6 3. Nc3 Bg7 4. Nf3 O-O 5. Bg5 h6 6. Bh4 d6 7. e3 g5 8. Bg3
Nh5 9. Nd2 Nxg3 10. hxg3 e5 11. Bd3 exd4 12. exd4 Re8+ 13. Kf1 Nc6 14. d5 Ne5
15. Be4 f5 16. Bc2 Ng4 17. Nf3 c5 18. Qd3 a6 19. Re1 Bd7 20. Nd1 Qa5 21. Bb1 b5
22. b3 Bd4 23. Ne3 Bxe3 24. fxe3 Re7 25. Nh2 bxc4 26. bxc4 Ne5 27. Qc2 Nxc4 28.
Ng4 fxg4 29. Qg6+ Rg7 30. Qxh6 Rf8+ 31. Ke2 Qd2# 0-1

[Event "Lichtenrader Herbst 2016"]
[Site "Berlin-Lichtenrade"]
[Date "2016.10.23"]
[Round "2.19"]
[White "Jaeger, Andre"]
[Black "Schnabel, Ralf"]
[Result "0-1"]
[WhiteElo "1964"]
[BlackElo "2234"]
[PlyCount "72"]
[EventDate "2016.??.??"]
[WhiteTeam "SC Rochade (Berlin)"]
[BlackTeam "ESV Nickelhütte Aue"]

1. d4 f5 2. Bg5 g6 3. Nd2 Bg7 4. e3 h6 5. Bh4 Nc6 6. Nh3 Nf6 7. Nf4 g5 8. Nh5
O-O 9. Nxg7 Kxg7 10. Bg3 d6 11. f4 gxf4 12. Bxf4 e5 13. dxe5 dxe5 14. Bg3 f4
15. Bh4 fxe3 16. Nc4 Qd4 17. Bxf6+ Rxf6 18. c3 Qf4 19. Qf3 Qxf3 20. gxf3 Rxf3
21. Ke2 Rf4 22. Kxe3 Kf6 23. Bd3 Be6 24. Rhf1 Rd8 25. Nd2 Ke7 26. Ne4 Rdf8 27.
Nc5 Bd5 28. Ne4 Bxa2 29. Rxf4 exf4+ 30. Ke2 Bd5 31. b4 Ne5 32. Rxa7 f3+ 33. Ke3
Ng4+ 34. Kd4 Bxe4 35. Bxe4 Rf4 36. Rxb7 f2 0-1

[Event "Lichtenrader Herbst 2016"]
[Site "Berlin-Lichtenrade"]
[Date "2016.10.23"]
[Round "2.20"]
[White "Di Candia, Roberto"]
[Black "Sliwicka, Alicja"]
[Result "0-1"]
[WhiteElo "1874"]
[BlackElo "2144"]
[PlyCount "56"]
[EventDate "2016.??.??"]
[WhiteTeam "Schachfreunde Berlin"]
[BlackTeam "UKS OPP TORUN"]

1. e4 c5 2. Nc3 Nc6 3. f4 g6 4. Nf3 Bg7 5. Bb5 Nd4 6. O-O Nxb5 7. Nxb5 a6 8.
Nc3 d6 9. d3 Nf6 10. Qe1 O-O 11. Qh4 b5 12. f5 gxf5 13. Bh6 Bxh6 14. Qxh6 Ng4
15. Qg5+ Kh8 16. Qh5 f6 17. Nh4 Rg8 18. Nxf5 Rg5 19. Qf7 Bxf5 20. exf5 Ne3 21.
Rf2 Qg8 22. Qxg8+ Raxg8 23. g3 Rxf5 24. Re1 Re5 25. Ne4 Ng4 26. Rfe2 f5 27. Nc3
b4 28. Rxe5 Nxe5 0-1

[Event "Lichtenrader Herbst 2016"]
[Site "Berlin-Lichtenrade"]
[Date "2016.10.23"]
[Round "2.21"]
[White "Idaczek, Guenter"]
[Black "Hincu, Olga"]
[Result "0-1"]
[WhiteElo "1916"]
[BlackElo "2122"]
[PlyCount "42"]
[EventDate "2016.??.??"]
[WhiteTeam "TSV Mariendorf"]

1. g3 d5 2. Nf3 Nf6 3. d3 c6 4. Bg2 Nbd7 5. Nbd2 e5 6. e4 Bd6 7. O-O O-O 8. Re1
Re8 9. exd5 cxd5 10. c4 Nc5 11. d4 Nd3 12. Rf1 e4 13. Ng5 h6 14. Nh3 Bg4 15.
Qb3 Qd7 16. cxd5 Nxc1 17. Raxc1 Bxh3 18. Bxh3 Qxh3 19. Rfe1 Ng4 20. Nf1 e3 21.
f3 Nxh2 0-1

[Event "Lichtenrader Herbst 2016"]
[Site "Berlin-Lichtenrade"]
[Date "2016.10.23"]
[Round "2.22"]
[White "Krefenstein, Sergej"]
[Black "Schmidt, Juergen"]
[Result "1-0"]
[WhiteElo "2176"]
[BlackElo "1953"]
[PlyCount "93"]
[EventDate "2016.??.??"]
[WhiteTeam "TuS Makkabi Berlin"]
[BlackTeam "SC Kreuzberg"]

1. c4 Nf6 2. Nc3 c6 3. g3 d5 4. Bg2 e5 5. d4 e4 6. cxd5 cxd5 7. f3 Nc6 8. Bg5
Bb4 9. e3 Qa5 10. Bxf6 gxf6 11. Nge2 exf3 12. Bxf3 Be6 13. a3 Bxc3+ 14. Nxc3
O-O-O 15. b4 Qc7 16. Rc1 Kb8 17. b5 Ne7 18. O-O Qd6 19. Bg2 h5 20. Qf3 h4 21.
Qf4 Qxf4 22. Rxf4 hxg3 23. hxg3 f5 24. Rff1 Rdg8 25. Kf2 f4 26. exf4 Nf5 27.
Ne2 Nd6 28. a4 Ne4+ 29. Bxe4 dxe4 30. Rh1 Rxh1 31. Rxh1 Bc4 32. Rh3 Rd8 33. f5
Kc7 34. Nf4 Rxd4 35. Ke3 Rd7 36. Kxe4 Re7+ 37. Kd4 Bb3 38. a5 Rd7+ 39. Kc3 Bd5
40. g4 Be4 41. Re3 Bh1 42. g5 b6 43. a6 Kd6 44. Rd3+ Kc7 45. Rxd7+ Kxd7 46. Kd4
Kd6 47. g6 1-0

[Event "Lichtenrader Herbst 2016"]
[Site "Berlin-Lichtenrade"]
[Date "2016.10.23"]
[Round "2.23"]
[White "Acikel, Mert"]
[Black "Noetzel, Felix"]
[Result "0-1"]
[WhiteElo "1871"]
[BlackElo "2209"]
[PlyCount "74"]
[EventDate "2016.??.??"]
[WhiteTeam "SK König Tegel 1949 e.V."]
[BlackTeam "SF 1903 Berlin"]

1. e4 e5 2. Nf3 Nc6 3. Bc4 Nf6 4. d3 Bc5 5. c3 d6 6. Bb3 O-O 7. O-O Bb6 8. Re1
Ne7 9. h3 c6 10. Nbd2 Ng6 11. Nf1 Nh5 12. Bg5 Qe8 13. d4 Nhf4 14. Nh4 Nxh4 15.
Bxh4 Be6 16. Bg3 Qe7 17. Qd2 Qg5 18. Re3 Bxb3 19. axb3 Ne6 20. Rd3 Qxd2 21.
Rxd2 exd4 22. Bxd6 Rfd8 23. e5 Bc5 24. Bxc5 Nxc5 25. Rxd4 Rxd4 26. cxd4 Nxb3
27. Ra4 a5 28. d5 cxd5 29. Ne3 d4 30. Ra3 a4 31. Nc4 b5 32. Nb6 Rd8 33. Kf1 d3
34. Ke1 d2+ 35. Kd1 Kf8 36. Nxa4 bxa4 37. Rxa4 Rc8 0-1

[Event "Lichtenrader Herbst 2016"]
[Site "Berlin-Lichtenrade"]
[Date "2016.10.23"]
[Round "2.24"]
[White "Fanin, Erik"]
[Black "Rettore, Ludwig"]
[Result "0-1"]
[WhiteElo "1832"]
[BlackElo "2087"]
[PlyCount "78"]
[EventDate "2016.??.??"]
[WhiteTeam "SK König Tegel 1949 e.V."]
[BlackTeam "Il Castelletto"]

1. e4 c5 2. Nf3 e6 3. d4 cxd4 4. Nxd4 Nc6 5. Nb5 d6 6. N1c3 a6 7. Nd4 Nf6 8.
Be3 Be7 9. Bd3 O-O 10. O-O Ne5 11. Be2 Qc7 12. f4 Nc4 13. Bxc4 Qxc4 14. Qf3 Qc7
15. Rae1 b5 16. Qg3 Bb7 17. f5 b4 18. Bh6 Nh5 19. Qg4 bxc3 20. Qxh5 Bf6 21. Be3
e5 22. Ne2 cxb2 23. g4 Qxc2 24. Ng3 Bxe4 25. Nxe4 Qxe4 26. Bf2 Qf4 27. Be3 Qe4
28. Bf2 Qc2 29. Be3 Qd3 30. Bf2 Rab8 31. Rb1 e4 32. g5 Bd4 33. Rfd1 Bxf2+ 34.
Kxf2 e3+ 35. Kg1 Qxf5 36. h4 Qf2+ 37. Kh1 g6 38. Qg4 e2 39. Re1 Qxe1+ 0-1

[Event "Lichtenrader Herbst 2016"]
[Site "Berlin-Lichtenrade"]
[Date "2016.10.23"]
[Round "2.25"]
[White "Feil, Stephan"]
[Black "Schaberg, Wolfgang"]
[Result "1-0"]
[WhiteElo "2140"]
[BlackElo "1863"]
[PlyCount "59"]
[EventDate "2016.??.??"]
[WhiteTeam "SK 1962 Ladenburg"]
[BlackTeam "Franciacorta"]

1. e4 c5 2. Nf3 d6 3. Bb5+ Bd7 4. Bxd7+ Qxd7 5. c4 Nc6 6. d4 cxd4 7. Nxd4 Nf6
8. Nc3 g6 9. O-O Bg7 10. Nde2 O-O 11. f3 Rfc8 12. Be3 Ne8 13. Qd2 a6 14. Nd5 b5
15. Nb6 Qb7 16. Nxa8 Rxa8 17. cxb5 axb5 18. Nd4 Ne5 19. b3 d5 20. exd5 Qxd5 21.
Rac1 h5 22. Rfd1 Kh7 23. Qe2 b4 24. Nf5 Nxf3+ 25. Qxf3 Qxf3 26. gxf3 gxf5 27.
Rc2 e6 28. Bc5 Rb8 29. Rc4 Ra8 30. Rd2 1-0

[Event "Lichtenrader Herbst 2016"]
[Site "Berlin-Lichtenrade"]
[Date "2016.10.23"]
[Round "2.26"]
[White "Starke, Rene-Reiner"]
[Black "Gebigke, Martin"]
[Result "1/2-1/2"]
[WhiteElo "1937"]
[BlackElo "2121"]
[PlyCount "180"]
[EventDate "2016.??.??"]
[WhiteTeam "SW Lichtenrade"]
[BlackTeam "SC Kreuzberg"]

1. d4 Nf6 2. Bf4 d5 3. e3 Bf5 4. Nf3 e6 5. Ne5 Nfd7 6. g4 Be4 7. f3 Nxe5 8.
Bxe5 Bg6 9. h4 h6 10. h5 Bh7 11. Bd3 Bxd3 12. Qxd3 Nc6 13. Bg3 Bd6 14. Bxd6
Qxd6 15. f4 O-O-O 16. Nd2 Kb8 17. O-O-O Nb4 18. Qb3 c5 19. a3 Nc6 20. c3 Rc8
21. Kb1 c4 22. Qa4 Ka8 23. Rhf1 Rb8 24. e4 b5 25. Qc2 a5 26. exd5 exd5 27. Nf3
f6 28. Rde1 b4 29. axb4 axb4 30. Qa4+ Na7 31. Kc2 Rb7 32. f5 bxc3 33. bxc3 Rhb8
34. Rb1 Qe7 35. Rxb7 Qe4+ 36. Kd1 Rxb7 37. Nd2 Qxg4+ 38. Kc1 Qe2 39. Qa5 Rb5
40. Qd8+ Kb7 41. Rg1 Ka6 42. Qd6+ Ka5 43. Qc7+ Ka6 44. Rxg7 Qe1+ 45. Kc2 Rb2+
46. Kxb2 Qxd2+ 47. Kb1 Qd1+ 48. Kb2 Qb3+ 49. Kc1 Qxc3+ 50. Kb1 Qd3+ 51. Kc1
Qf1+ 52. Kd2 Qf2+ 53. Kc1 Qe3+ 54. Kc2 Qe4+ 55. Kc1 Nb5 56. Qc6+ Ka5 57. Qc5
Qf4+ 58. Kd1 Qf1+ 59. Kc2 Qxf5+ 60. Kd1 Qxh5+ 61. Ke1 Qh4+ 62. Kf1 Qf4+ 63. Kg2
Qe4+ 64. Kf1 Qf3+ 65. Ke1 Ka4 66. Rg8 Qh1+ 67. Kf2 Qh2+ 68. Kf1 Qh3+ 69. Kf2
Qf5+ 70. Kg2 Qe4+ 71. Kf1 Qd3+ 72. Kg2 Qe2+ 73. Kg1 Qe1+ 74. Kg2 Qd2+ 75. Kf1
Qd1+ 76. Kg2 Qe2+ 77. Kg1 Qe3+ 78. Kf1 Qf4+ 79. Kg2 Qe4+ 80. Kf1 Qh1+ 81. Kf2
Qh4+ 82. Kf1 Qh3+ 83. Kf2 Qf5+ 84. Kg2 Qc2+ 85. Kf1 Qb1+ 86. Kf2 Qb2+ 87. Kf1
Qc1+ 88. Kf2 Qb2+ 89. Kf1 Qb1+ 90. Kf2 Qb2+ 1/2-1/2